000 00368pab a2200145 454500
008 180718b2001 xxu||||| |||| 00| 0 eng d
100 _aMukherjee, N.
245 _aRationalising the rank structure of district police management
260 _c2001
300 _ap.81-86
362 _aApr-Jun
650 _aPolice
773 _aIndian Police Journal
909 _a51760
999 _c51760
_d51760